LEADER 02866nas# 22003731i 450 001 SUN0016099 005 20180308023511.270 011 $a0019-1655 100 $a20040518a2003 |0itac50 ba 101 $aita 102 $aIT 105 $a|||| ||||| 110 $aaM||||||||| 200 1 $aˆL'‰igiene moderna$erivista di igiene microbiologia epidemiologia 207 $aRoma : E.J.E., 1908- 210 $dv. ; 25 cm 215 $aMensile. 620 $dRoma$3SUNL000360 676 $a614.4$cIgiene. Epidemiologia$v22 676 $a579$cMicrobiologia$v22 712 $aEJE$3SUNV000169$4650 801 $aIT$bSOL$c20181109$gRICA 899 $aUFFICIO DI BIBLIOTECA DEL DIPARTIMENTO DI SCIENZE E TECNOLOGIE AMBIENTALI BIOLOGICHE E FARMACEUTICHE$1IT-CE0101$2SUN17$41998-2004;$cD12 ;$nNA230 912 $aSUN0016099 950 $aUFFICIO DI BIBLIOTECA DEL DIPARTIMENTO DI SCIENZE E TECNOLOGIE AMBIENTALI BIOLOGICHE E FARMACEUTICHE$b17 1998-2004;$d17 CONS D12 1998 $e17 DSV370 109-110 $d17 CONS D12 1999 $e17 DSV380 111-112 $d17 CONS D12 2000 $e17 DSV579 113-114 $d17 CONS D12 2001 $e17 DSV645 115-116 $d17 CONS D12 2002 $e17 DSV698 117-118 $d17 CONS D12 2003 $e17 DSV797 119-120 $d17 CONS D12 2004 $e17 DSV1064 121-122 995 $aUFFICIO DI BIBLIOTECA DEL DIPARTIMENTO DI SCIENZE E TECNOLOGIE AMBIENTALI BIOLOGICHE E FARMACEUTICHE$bIT-CE0101$gDSV$h370$kCONS D12 1998 109-110$op$pp$qa 995 $aUFFICIO DI BIBLIOTECA DEL DIPARTIMENTO DI SCIENZE E TECNOLOGIE AMBIENTALI BIOLOGICHE E FARMACEUTICHE$bIT-CE0101$gDSV$h380$kCONS D12 1999 111-112$oc$qa 995 $aUFFICIO DI BIBLIOTECA DEL DIPARTIMENTO DI SCIENZE E TECNOLOGIE AMBIENTALI BIOLOGICHE E FARMACEUTICHE$bIT-CE0101$gDSV$h579$kCONS D12 2000 113-114$oc$qa 995 $aUFFICIO DI BIBLIOTECA DEL DIPARTIMENTO DI SCIENZE E TECNOLOGIE AMBIENTALI BIOLOGICHE E FARMACEUTICHE$bIT-CE0101$gDSV$h645$kCONS D12 2001 115-116$oc$qa 995 $aUFFICIO DI BIBLIOTECA DEL DIPARTIMENTO DI SCIENZE E TECNOLOGIE AMBIENTALI BIOLOGICHE E FARMACEUTICHE$bIT-CE0101$gDSV$h698$kCONS D12 2002 117-118$oc$qa 995 $aUFFICIO DI BIBLIOTECA DEL DIPARTIMENTO DI SCIENZE E TECNOLOGIE AMBIENTALI BIOLOGICHE E FARMACEUTICHE$bIT-CE0101$gDSV$h797$kCONS D12 2003 119-120$oc$qa 995 $aUFFICIO DI BIBLIOTECA DEL DIPARTIMENTO DI SCIENZE E TECNOLOGIE AMBIENTALI BIOLOGICHE E FARMACEUTICHE$bIT-CE0101$gDSV$h1064$kCONS D12 2004 121-122$oc$qa 996 $aIgiene moderna$9793083 997 $aUNICAMPANIA